| 000 | 00566nam a2200205Ia 4500 | ||
|---|---|---|---|
| 003 | OSt | ||
| 005 | 20230609111036.0 | ||
| 008 | 210423s2005 xx 000 0 und d | ||
| 040 | _cAL | ||
| 082 |
_a361.1 SALP _223 |
||
| 100 |
_aSALDANHA (M F) _9123202 |
||
| 245 | _aProgress of India in the face of corruption | ||
| 260 |
_aMangalore _bSchool of Social Work _c2005 |
||
| 300 | _a20 | ||
| 365 | _cINR | ||
| 650 |
_aSocial Problems _9123203 |
||
| 650 |
_aSocial Problems & Services _9123204 |
||
| 906 | _acorruption ; face ; India ; Progress | ||
| 942 |
_2ddc _cBK |
||
| 999 |
_c174193 _d174193 |
||